000 00489nam a2200181Ia 4500
005 20250508152643.0
008 008 250505s9999 xx 000 0 hin d
037 _aTextual
040 _aFEDL
_beng
_cFEDL
041 _ahin
_2hin
084 _a891.43, UPA
_qFEDL
100 _aUpadhyaya Bhagwat Saran
245 0 _aSahitya aur kala
260 _aDelhi, India
_bAtma Ram and Sons
_c1960
300 _a203p.
942 _cTEXL
_h891.43, UPA
999 _c1337824
_d1337824